000 00762nam a2200265 i 4500
001 C2-0337927
003 PPAK
005 20180728140500.0
008 160925s2016 my |||| ||||| | may d
020 _a9789670770338
040 _aPPAK
_beng
_cPPAK
_erda
082 0 4 _a899.233
_223
090 0 0 _a899.233
_bAMR
_dK
100 0 _aAmril Shah,
_eauthor
245 1 0 _aSiapakah yang terkena tuduh?
264 1 _aKuala Terangganu, Terengganu :
_bSamudera Didik ,
_c2016
300 _a48 pages ;
_c19 cm
336 _2rdacontent
_atext
337 _2rdamedia
_aunmediated
338 _2rdacarrier
_avolume
490 1 _aSiri penyiasatan Inspektor Syam
650 1 0 _aChildren's stories, Malay.
830 0 _aSiri penyiasatan Inspektor Syam
942 _ddc
_cB
999 _c135415
_d135415